Pluralizm ciwilizacyjny jako perspektywa mysli socjologicznej Na przykladzie pogladow F. Konecznego i F. Znanieckogo
Enregistré dans:
| Auteur principal: | |
|---|---|
| Format: | Livre |
| Langue: | polonais |
| Publié: |
Kraków
Akademia Ekon.
1990
|
| Édition: | 1. wyd. |
| Collection: | Zeszyty naukowe
Nr.94 |
| Tags: |
Pas de tags, Soyez le premier à ajouter un tag!
|
MARC
| LEADER | 00000nam a2200000 4500 | ||
|---|---|---|---|
| 001 | c026340 | ||
| 005 | 20221215130233.2 | ||
| 041 | 0 | |a pol | |
| 044 | |a PL | ||
| 245 | 1 | 0 | |a Pluralizm ciwilizacyjny jako perspektywa mysli socjologicznej |b Na przykladzie pogladow F. Konecznego i F. Znanieckogo |c Zbigniew Pucek |
| 250 | |a 1. wyd. | ||
| 264 | 1 | |a Kraków |b Akademia Ekon. |c 1990 | |
| 300 | |a 187 s. | ||
| 490 | 1 | |a Zeszyty naukowe |v Nr.94 | |
| 830 | 0 | |a Zeszyty naukowe |v Nr.94 | |
| 100 | 1 | |a Pucek, Zbigniew | |